书目信息 |
| 题名: |
英语词汇祥解
|
|
| 作者: | 李景雨 主编 | |
| 分册: | ||
| 出版信息: | 天津 天津大学出版社 1999.01 |
|
| 页数: | 579页 | |
| 开本: | 32开 | |
| 丛书名: | ||
| 单 册: | ||
| 中图分类: | H313 | |
| 科图分类: | ||
| 主题词: | 英语 | |
| 电子资源: | ||
| ISBN: | 7-5618-0899-2 | |
| 000 | 00538nam0 2200193 45 | |
| 001 | 0103021746 | |
| 005 | 20010302171805.4 | |
| 010 | @a7-5618-0899-2@d24.00元 | |
| 100 | @a20010302d1999 km y0chiy0120 ea | |
| 101 | 0 | @achi |
| 105 | @a z 000yy | |
| 200 | 1 | @a英语词汇祥解@AYing Yu Ci Hui Xiang Jie@f李景雨等主编@FLi Jing Yu Deng Zhu Bian |
| 210 | @a天津@c天津大学出版社@d1999.01 | |
| 215 | @a579页@d32开 | |
| 606 | 0 | @a英语 |
| 690 | @aH313@v3 | |
| 701 | 0 | @a李景雨@4主编 |
| 801 | @aCN@bPftUser@c20010302 | |
| 905 | @b66031@dH313@eL915@f1 | |
| 英语词汇祥解/李景雨等主编.-天津:天津大学出版社,1999.01 |
| 579页;32开 |
| ISBN 7-5618-0899-2:24.00元 |
| ● |
| 相关链接 |
|
|
|
正题名:英语词汇祥解
索取号:H313/L915
 
预约/预借
| 序号 | 登录号 | 条形码 | 馆藏地/架位号 | 状态 | 备注 |
| 1 | 66028 | 200660285 | 自科二线504/504自科库 45排4列1层/ [索取号:H313/L915] | 在馆 | |
| 2 | 66031 | 200660310 | 自科二线504/504自科库 45排4列1层/ [索取号:H313/L915] | 在馆 |